000 00646nam a2200265Ia 4500
005 20250425161910.0
008 250425s9999 xx 000 0 und d
020 _a958951779X
041 _aspa
043 _ack
082 _a658.406 3
100 _aVARELA VILLEGAS, RODRIGO
245 0 _aINNOVACION EMPRESARIAL: UN NUEVO ENFOQUE DE DESARROLLO
250 _a3A ED.
260 _aCALI
260 _aColombia
_bICESI
_c1996
300 _a295
650 _aDESARROLLO ECONOMICO
650 _aDESARROLLO EMPRESARIAL
650 _aEMPRESARIOS
650 _aEMPRESAS
650 _aINNOVACIONES
942 _c01
010 _a34202
999 _c218406
_d218406